<?xml version="1.0" encoding="UTF-8"?>
<record
    xmlns:xsi="http://www.w3.org/2001/XMLSchema-instance"
    xsi:schemaLocation="http://www.loc.gov/MARC21/slim http://www.loc.gov/standards/marcxml/schema/MARC21slim.xsd"
    xmlns="http://www.loc.gov/MARC21/slim">

  <leader>04772nam a22003977a 4500</leader>
  <controlfield tag="003">CHAP</controlfield>
  <controlfield tag="005">20250224112340.0</controlfield>
  <controlfield tag="008">110225s2010    mx      r     00010 spa d</controlfield>
  <datafield tag="035" ind1=" " ind2=" ">
    <subfield code="a">112237</subfield>
  </datafield>
  <datafield tag="040" ind1=" " ind2=" ">
    <subfield code="c">CHAP</subfield>
  </datafield>
  <datafield tag="090" ind1=" " ind2=" ">
    <subfield code="a">Tesis</subfield>
  </datafield>
  <datafield tag="100" ind1="1" ind2=" ">
    <subfield code="a">Vergara Hern&#xE1;ndez, Nelly Ang&#xE9;lica.</subfield>
    <subfield code="9">118888</subfield>
  </datafield>
  <datafield tag="245" ind1="1" ind2="0">
    <subfield code="a">Productividad econ&#xF3;mica relativa del subsector caprina productor de leche y carne en la Comarca Lagunera, M&#xE9;xico de 1990 a 2007</subfield>
    <subfield code="c">/por Nelly Ang&#xE9;lica vergara Hern&#xE1;ndez y Fabian Hern&#xE1;ndez Ornelas</subfield>
  </datafield>
  <datafield tag="264" ind1=" " ind2=" ">
    <subfield code="a">Bermejillo, Durango M&#xE9;x. :</subfield>
    <subfield code="b">El autor,</subfield>
    <subfield code="c">2010.</subfield>
  </datafield>
  <datafield tag="500" ind1=" " ind2=" ">
    <subfield code="a">Para ver el contenido del material haga clic en la liga</subfield>
  </datafield>
  <datafield tag="502" ind1=" " ind2=" ">
    <subfield code="b">ISP</subfield>
    <subfield code="c">URUZA</subfield>
    <subfield code="d">2010.</subfield>
  </datafield>
  <datafield tag="520" ind1=" " ind2=" ">
    <subfield code="a">Los objetivos de este estudio fueron el determinar las productividades f&#xED;sica y monetaria por cabra en el subsector productor de leche y de carne, as&#xED; como los efectos de la composici&#xF3;n del hato, los
rendimientos f&#xED;sicos y los precios reales en el Rendimiento Agregado Monetario Real por Animal (RAMR/A). La delimitaci&#xF3;n temporal &#x2013; espacial del estudio, se acot&#xF3; a la Comarca Lagunera, M&#xE9;xico, para el per&#xED;odo 1990 al 2007. Se utiliz&#xF3; la metodolog&#xED;a de la Econom&#xED;a Descriptiva, con enfoques macroecon&#xF3;mico y est&#xE1;tico-comparativo, compar&#xE1;ndose siempre los datos suavizados de los trienios de 2005-2007 versus 1990-1992. Los resultados muestran que a nivel regional se encontr&#xF3; que el n&#xFA;mero de caprinos decrement&#xF3; 1.7% al pasar de 559,741 a 410,487 cabras. Mientras que en cabras lecheras incrementaron su n&#xFA;mero en 22% al pasar de 150,475 animales hasta 184,532, lo que provoc&#xF3; que la producci&#xF3;n se elev&#xF3; 144.6% al pasar de 33,057litros a 80,857litos anuales, asimismo el valor increment&#xF3; 71.1% al pasar $127.5 millones de pesos a $218.4 millones de pesos, a pesar de que el precio real por litro de leche descendi&#xF3; 31.9%, al pasar de $3.96 a $2.70. Tambi&#xE9;n, las cabras productoras de carne disminuyeron su n&#xFA;mero en 44.8% al pasar de 409,267 animales hasta 225,965 animales en el trienio 2005-2007, sin embargo la producci&#xF3;n de carne se increment&#xF3; 9.6% al pasar 3,709 toneladas anuales a 4,064 toneladas anuales en el ultimo trienio, por otro lado el valor generado disminuyo 21.4% al pasar de $124.1 millones de pesos a $97.5 millones de pesos, al disminuir el precio por kilogramo de carne en 29.1% al pasar de $33.83 a $23.97. La productividad f&#xED;sica de la cabra lechera aument&#xF3; 70% al pasar de 261.6 a 444.6 litros anuales de leche/cabra y la productividad monetaria, medida como RAMR/cabra lechera, se increment&#xF3; de $1,037 a $1,201 por cabra lechera por a&#xF1;o. Mientras que la productividad f&#xED;sica de la cabra productora de carne incremento 103.4% al pasar de 9.06 kilogramos anuales po cabra a 18.42 kilogramos anuales por cabra, y la productividad monetaria, medida como RAMR/cabra productora de carne se increment&#xF3; de $735 a $1,060 por cabra productora de carne por a&#xF1;o. La composici&#xF3;n del hato cambi&#xF3; de 1 cabra lechera a 272 cabras productoras de carne en el a&#xF1;o base, ha 1 cabra lechera : 122 cabras productoras de carne, lo que produjo que el VBP cayese 12.6%, de $315.9 millones a $361.4 millones, mientras que el RAMR/animal se elevo en 75.1% al pasar de $646/ cabra a $1,130/ cabra, al crecer los rendimientos f&#xED;sicos de las cabras lecheras (en +70%) y los rendimientos en caprinos productores de carne (en 103.4%), de 261.6 a 444.6 litros anuales y de 9.06 a 18.42 kilos por animal respectivamente, incremento el VBP en 76.1% al pasar de $179.4 millones de pesos a $135.9 millones de pesos, asimismo el RAMR/animal increment&#xF3; 158.6% al pasar de $437millones de pesos a $1,130 millones de pesos, por otro lado al desmejorarse los precios reales por litro de leche y de carne de $3.96 a $2.70 en la leche y $33.83 $23.97 en la carne redujo el VBP en 32.2% al pasar de $466/cabra a $315.9/cabra, mientras que el RAMR/cabra disminuy&#xF3; en 0.4% al pasar de $1,135/ cabra a $1,130/cabra.</subfield>
  </datafield>
  <datafield tag="590" ind1=" " ind2=" ">
    <subfield code="a">ALEPH</subfield>
    <subfield code="b">10</subfield>
    <subfield code="c">20130110</subfield>
  </datafield>
  <datafield tag="590" ind1=" " ind2=" ">
    <subfield code="a">BATCH-UPD</subfield>
    <subfield code="b">10</subfield>
    <subfield code="c">20130110</subfield>
  </datafield>
  <datafield tag="590" ind1=" " ind2=" ">
    <subfield code="a">BATCH-UPD</subfield>
    <subfield code="b">10</subfield>
    <subfield code="c">20130410</subfield>
  </datafield>
  <datafield tag="590" ind1=" " ind2=" ">
    <subfield code="a">BATCH-UPD</subfield>
    <subfield code="b">10</subfield>
    <subfield code="c">20130914</subfield>
  </datafield>
  <datafield tag="590" ind1=" " ind2=" ">
    <subfield code="a">BATCH-UPD</subfield>
    <subfield code="b">10</subfield>
    <subfield code="c">20140324</subfield>
  </datafield>
  <datafield tag="590" ind1=" " ind2=" ">
    <subfield code="a">BATCH-UPD</subfield>
    <subfield code="b">10</subfield>
    <subfield code="c">20141002</subfield>
  </datafield>
  <datafield tag="590" ind1=" " ind2=" ">
    <subfield code="a">CONVERSION</subfield>
    <subfield code="b">10</subfield>
    <subfield code="c">20130109</subfield>
  </datafield>
  <datafield tag="650" ind1="1" ind2="4">
    <subfield code="a">Carne de cabra</subfield>
    <subfield code="x">Producci&#xF3;n.</subfield>
    <subfield code="9">19134</subfield>
  </datafield>
  <datafield tag="650" ind1="1" ind2="4">
    <subfield code="a">Ganado cabr&#xED;o</subfield>
    <subfield code="x">Comarca Lagunera.</subfield>
    <subfield code="9">44998</subfield>
  </datafield>
  <datafield tag="650" ind1="1" ind2="4">
    <subfield code="a">Leche de cabra</subfield>
    <subfield code="x">Producci&#xF3;n.</subfield>
    <subfield code="9">65427</subfield>
  </datafield>
  <datafield tag="700" ind1="1" ind2=" ">
    <subfield code="a">Hern&#xE1;ndez Ornelas, Fabian.</subfield>
    <subfield code="9">54419</subfield>
  </datafield>
  <datafield tag="856" ind1=" " ind2=" ">
    <subfield code="u">http://10.13.5.2/tesis/112237.pdf</subfield>
    <subfield code="z">DESCARGAR PDF</subfield>
  </datafield>
  <datafield tag="901" ind1=" " ind2=" ">
    <subfield code="a">BK</subfield>
  </datafield>
  <datafield tag="942" ind1=" " ind2=" ">
    <subfield code="c">TD</subfield>
    <subfield code="2">Clasificaci&#xF3;n Universidad Aut&#xF3;noma Chapingo</subfield>
  </datafield>
  <datafield tag="949" ind1=" " ind2=" ">
    <subfield code="a">Tesis</subfield>
    <subfield code="b">BC</subfield>
    <subfield code="c">TES</subfield>
    <subfield code="d">33724002238116</subfield>
    <subfield code="e">TS1</subfield>
    <subfield code="g">Donaci&#xD8;n</subfield>
    <subfield code="h">52014</subfield>
    <subfield code="i">112237</subfield>
    <subfield code="s">t</subfield>
  </datafield>
  <datafield tag="949" ind1=" " ind2=" ">
    <subfield code="a">Tesis</subfield>
    <subfield code="b">BC</subfield>
    <subfield code="c">TES</subfield>
    <subfield code="d">33724002238157</subfield>
    <subfield code="e">TS2</subfield>
    <subfield code="f">c.2</subfield>
    <subfield code="g">Donaci&#xD8;n</subfield>
    <subfield code="h">52015</subfield>
    <subfield code="i">112237</subfield>
    <subfield code="s">t</subfield>
  </datafield>
  <datafield tag="999" ind1=" " ind2=" ">
    <subfield code="c">100577</subfield>
    <subfield code="d">100577</subfield>
  </datafield>
  <datafield tag="952" ind1=" " ind2=" ">
    <subfield code="0">0</subfield>
    <subfield code="1">0</subfield>
    <subfield code="2">local</subfield>
    <subfield code="4">0</subfield>
    <subfield code="5">1</subfield>
    <subfield code="7">0</subfield>
    <subfield code="8">TesDigL</subfield>
    <subfield code="a">BD</subfield>
    <subfield code="b">BD</subfield>
    <subfield code="c">E_L</subfield>
    <subfield code="d">2019-12-31</subfield>
    <subfield code="l">0</subfield>
    <subfield code="o">Tesis digital</subfield>
    <subfield code="r">2019-12-31 00:00:00</subfield>
    <subfield code="w">2019-12-31</subfield>
    <subfield code="y">TD</subfield>
  </datafield>
</record>
